मेरी प्रिय लघुकथाएँ / (Record no. 73172)

MARC details
000 -LEADER
fixed length control field 01174 a2200229 4500
005 - DATE AND TIME OF LATEST TRANSACTION
control field 2009050108368.0
008 - FIXED-LENGTH DATA ELEMENTS--GENERAL INFORMATION
fixed length control field 090501t xxu||||| |||| 00| 0 hind
010 ## - LCCN (DPL NO)
LC control number HIN-97997
020 ## - INTERNATIONAL STANDARD BOOK NUMBER
International Standard Book Number 9788190551588
Terms of availability 250.00
035 ## - SYSTEM CONTROL NUMBER
System control number HN-70343
037 ## - SOURCE OF ACQUISITION
Source of stock number/acquisition DBAD/PUB
040 ## - CATALOGING SOURCE
Original cataloging agency dpl
Language of cataloging hn
082 ## - DEWEY DECIMAL CLASSIFICATION NUMBER
Classification number
100 ## - MAIN ENTRY--PERSONAL NAME
Personal name सुरेन्द्र कृष्णा
9 (RLIN) 54915
245 ## - TITLE STATEMENT
Title मेरी प्रिय लघुकथाएँ /
Statement of responsibility, etc सुरेन्द्र कृष्णा
260 ## - PUBLICATION, DISTRIBUTION, ETC. (IMPRINT)
Place of publication, distribution, etc दिल्ली
Name of publisher, distributor, etc गुप्ता पब्लिकेशन
Date of publication, distribution, etc 2012
270 ## - ADDRESS
Address ए-100,साउथ अनारकली एक्स, शाहदरा
City दिल्ली
Postal code 110032
300 ## - PHYSICAL DESCRIPTION
Extent 151पृ
Dimensions 22 सेमी (सजिल्द)
942 ## - ADDED ENTRY ELEMENTS (KOHA)
Institution code [OBSOLETE] dpl
Item type Hindi Books
Source of classification or shelving scheme Dewey Decimal Classification
Classification part
Call number suffix सुरेन्द्र
Holdings
Withdrawn status Lost status Source of classification or shelving scheme Damaged status Not for loan Collection code Home library Current library Date acquired Source of acquisition Cost, normal purchase price Total Checkouts Full call number Barcode Date last seen Copy number Cost, replacement price Koha item type
    Dewey Decimal Classification   Not For Loan Fiction D.B.Act.Division D.B.Act.Division 21/01/2013 DBAD/PUB 250.00   क सुरेन्द्र HN-70343 21/01/2013 1 250.00 Hindi Books

© Delhi Public Library
Hit Counter
free hit counter